| 000 | 00699nam a2200253 a 4500 | ||
|---|---|---|---|
| 999 |
_c5083 _d5083 |
||
| 001 | 5083 | ||
| 003 | BD-JhCC | ||
| 005 | 20171209131955.0 | ||
| 008 | 851104s1984 enk | |||1 ||eng|d | ||
| 020 | _a0023148705 | ||
| 035 | _a(BD-JhCC)5083 | ||
| 040 |
_aBD-JhCC _dBD-JhCC |
||
| 041 | _aeng | ||
| 082 |
_bBRI 1984 _a001.6424 |
||
| 100 | 1 | _aBrinkman, Ronald. | |
| 245 | 1 | 0 |
_aProgramming in structured BASIC / _cRonald Brinkman. |
| 260 |
_aNew York : _bMacmillan ; _aLondon : _bCollier Macmillan, _cc1984. |
||
| 300 |
_axv,303p ; _c26cm. |
||
| 504 | _aIncludes index. | ||
| 650 | 0 | _aBasic (Computer program language) | |
| 650 | 0 | _aStructured programming. | |
| 942 |
_2ddc _cBK |
||